000
00337nam a22001457a 4500
003
OSt
005
20220311143614.0
008
220103b |||||||| |||| 00| 0 eng d
020
_a
9789380444543
040
_c
HU
082
_a
006.454
100
_a
Manocha
_9
26715
245
_a
Understanding Electrical Workshop
942
_2
ddc
_c
BOOKS
_n
0
999
_c
25662
_d
25662